101 solutions for school counselors and leaders in challenging times
Saved in:
| Hovedforfatter: | |
|---|---|
| Format: | Bog |
| Sprog: | engelsk |
| Udgivet: |
Sage Publications,
2014.
|
| Tags: |
Tilføj Tag
Ingen Tags, Vær først til at tagge denne postø!
|
MARC
| LEADER | 00000nam a22000007a 4500 | ||
|---|---|---|---|
| 008 | 210526b ||||| |||| 00| 0 eng d | ||
| 020 | |a 978-1-4522-7447-8 | ||
| 100 | |a CHEN-HAYES, Stuart. | ||
| 245 | |a 101 solutions for school counselors and leaders in challenging times |c Stuart F. Chen-Hayes, Melissa S. Ockerman, E. C. M.Mason |g xx, 355p. : ill. | ||
| 260 | |b Sage Publications, |c 2014. |h Thousand Oaks, California: |i 692210 |i 692211 |l LB1027.5 .C42 |m Educational counselling – United States – Handbooks, manual etc. |m School administrations – United States – Handbooks, manual etc. |m Educational leadership – United States - Handbooks, manual etc. | ||
| 500 | |a “It includes references and index”. | ||
| 942 | |a lcc |c BK |e Adeniran, F. A |f 26/05/2021 | ||
| 952 | |0 0 |1 0 |2 lcc |4 0 |6 LB10275 C42 |7 0 |9 2435 |a HOL |b ED |c LP |d 2021-05-26 |l 0 |o LB1027.5 .C42 |p 2021-6286 |r 2021-05-26 00:00:00 |w 2021-05-26 |y BK | ||
| 952 | |0 0 |1 0 |2 lcc |4 0 |6 LB10275 C42 |7 0 |9 2436 |a HOL |b HOL |c LP |d 2021-05-26 |l 0 |o LB1027.5 .C42 |p 2021-6287 |r 2021-05-26 00:00:00 |w 2021-05-26 |y BK | ||
| 999 | |c 1270 |d 1270 | ||